[Event "GRE-chT 50th"]
[Site "Nikaia"]
[Date "2023.08.26"]
[Round "3.8"]
[White "Garyfallou, Dimosthenis"]
[Black "Sipsis, Tsatsoulis Georgios"]
[Result "1/2-1/2"]
[WhiteElo "1518"]
[BlackElo "1900"]
[PlyCount "81"]
[EventDate "2023.08.25"]
[EventType "team"]
[EventRounds "9"]
[EventCountry "GRE"]
[SourceTitle "CBM 216 Extra"]
[Source "ChessBase"]
[SourceDate "2023.11.30"]
[SourceVersion "1"]
[SourceVersionDate "2023.11.30"]
[SourceQuality "1"]
[WhiteTeam "Khalandrii"]
[BlackTeam "Kallitheas"]
[WhiteTeamCountry "GRE"]
[BlackTeamCountry "GRE"]

1. Nf3 d5 2. g3 Nf6 3. Bg2 c6 4. 0-0 Bg4 5. c4 e6 6. cxd5 exd5 7. d3 Nbd7 8. Nc3 Be7 9. Qc2 0-0 10. h3 Bxf3 11. Bxf3 Re8 12. e4 dxe4 13. dxe4 Qa5 14. Be3 Ne5 15. Bg2 Nc4 16. Rfe1 Rad8 17. b3 Nxe3 18. Rxe3 Bc5 19. Rd3 Rxd3 20. Qxd3 Rd8 21. Qc2 Bd4 22. Rd1 Qc5 23. Qd2 Rd7 24. Nd5 Nxd5 25. Qxd4 Qxd4 26. Rxd4 Nb6 27. Rxd7 Nxd7 28. f4 f6 29. Kf2 Kf7 30. Ke3 Ke6 31. Kd4 Kd6 32. h4 a6 33. b4 b6 34. Bh3 c5+ 35. bxc5+ bxc5+ 36. Kc3 Nb6 37. Bf5 g6 38. Bg4 h6 39. Be2 a5 40. Bb5 g5 41. Kd3 1/2-1/2